Biblioteca y Centro de Documentación

Dictamen 7-2008 sobre el Anteproyecto de decreto por el que se aprueba el Plan de vivienda de La Rioja (Registro nro. 21846)

Detalles MARC
000 -CABECERA
Longitud fija campo de control 01181nam a2200325 c 4500
001 - NÚMERO DE CONTROL
Número de control 21846
003 - IDENTIFICADOR DE NÚMERO DE CONTROL
Identificador del número de control ES-MaCES
005 - FECHA Y HORA DE LA ÚLTIMA TRANSACCIÓN
Fecha y hora de la última transacción 20141221122741.0
008 - CAMPO FIJO DE DESCRIPCIÓN FIJA--INFORMACIÓN GENERAL
Códigos de información de longitud fija   090204s2008 sp l o000 | spa d
017 ## - NÚMERO DE REGISTRO DE DERECHOS DE AUTOR Y DEPÓSITO LEGAL
Número de copyright o de depósito legal LR 374-2008
Agencia que asigna el número DL
035 ## - NÚMERO DE CONTROL DEL SISTEMA
Número de control del sistema CES20090001359m
040 ## - FUENTE DE CATALOGACIÓN
Centro catalogador de origen ES-MaCES
Lengua de catalogación spa
Centro transcriptor ES-MaCES
110 2# - ENCABEZAMIENTO PRINCIPAL--NOMBRE CORPORATIVO
Nombre de entidad corporativa o nombre de jurisdicción como elemento inicial Consejo Económico y Social de La Rioja
9 (RLIN) 2443
245 10 - MENCIÓN DE TÍTULO
Título Dictamen 7-2008 sobre el Anteproyecto de decreto por el que se aprueba el Plan de vivienda de La Rioja
Mención de responsabilidad, etc. Consejo Económico y Social de La Rioja
260 ## - PUBLICACIÓN, DISTRIBUCIÓN, ETC (PIE DE IMPRENTA)
Lugar de publicación, distribución, etc. Logroño
Nombre del editor, distribuidor, etc. CES
Fecha de publicación, distribución, etc. [2008]
300 ## - DESCRIPCIÓN FÍSICA
Extensión 12 p.
Dimensiones 21 cm
500 ## - NOTA GENERAL
Nota general Tít. tomado de la cub.
541 ## - NOTA DE LA FUENTE INMEDIANTE DE ADQUISICIÓN
Forma de adquisición Gratuito
650 #4 - ASIENTO SECUNDARIO DE MATERIA--TÉRMINO DE MATERIA
Término de materia o nombre geográfico como elemento inicial vivienda
9 (RLIN) 28598
650 #4 - ASIENTO SECUNDARIO DE MATERIA--TÉRMINO DE MATERIA
Término de materia o nombre geográfico como elemento inicial política de vivienda
9 (RLIN) 29419
650 #4 - ASIENTO SECUNDARIO DE MATERIA--TÉRMINO DE MATERIA
Término de materia o nombre geográfico como elemento inicial plan regional
9 (RLIN) 27022
650 #4 - ASIENTO SECUNDARIO DE MATERIA--TÉRMINO DE MATERIA
Término de materia o nombre geográfico como elemento inicial La Rioja (Comunidad Autónoma)
9 (RLIN) 30883
650 #4 - ASIENTO SECUNDARIO DE MATERIA--TÉRMINO DE MATERIA
Término de materia o nombre geográfico como elemento inicial régimen jurídico
9 (RLIN) 29894
650 #4 - ASIENTO SECUNDARIO DE MATERIA--TÉRMINO DE MATERIA
Término de materia o nombre geográfico como elemento inicial dictamen
9 (RLIN) 30802
653 10 - TÉRMINO DE INDEXACIÓN--NO CONTROLADO
Término no controlado Vivienda-Construcción-Urbanismo
787 0# - ENTRADA DE OTRAS ESPECIFICACIONES
Título Dictamen 5-2009 sobre el Proyecto de Decreto por el que se aprueba el Plan de vivienda de La Rioja 2009-2012
Número de control del registro relacionado (ES-MaCES)22806
902 ## - CES. TIPO DE DOCUMENTO
Tipodoc (006$c Sirtex) LIB Libro
942 ## - ELEMENTOS KOHA
Fuente de clasificaión o esquema Clasificación propia del CES
Koha [por defecto] tipo de item Monografías
Parte de clasificación 5.2.
Existencias
Número de registro Signatura completa Tipo de item de Koha
073252 - Monografías
© CES, Consejo Económico y Social de España 2021